| 000 | 00951nam a22002537a 4500 | ||
|---|---|---|---|
| 003 | OSt | ||
| 005 | 20210218120206.0 | ||
| 008 | 210218s1959 sp ||||er|||| 00| 1 spa d | ||
| 040 |
_aCO-JMCR _cCO-JMCR |
||
| 041 | 0 | _aspa | |
| 082 | 0 | 4 |
_aT / _bESQt _223 |
| 100 | 1 |
_aEsquilo _eautor _913626 |
|
| 245 | 1 | 0 |
_aTragedias / _cEsquilo |
| 260 |
_aBarcelona : _bEditorial Iberia, _c1959 |
||
| 300 |
_a228 páginas ; _c19 cm. |
||
| 490 | 0 | _aObras maestras | |
| 500 | _aIncluye notas a pie de página. | ||
| 505 | 0 | _aEsquilo y sus "tragedias", por Emiliano M. Aguilera -- Prometeo encadenado -- Las suplicantes -- Agamenón -- Las Coéforas -- Las Euménides -- Los Persas -- Los siete contra Tebas | |
| 650 | 1 | 4 |
_aTeatro griego _ySiglos iv-v a.c. _913627 |
| 650 | 1 | 4 |
_aTragedia griega _ySiglos iv-v a.c. _913628 |
| 650 | 1 | 4 |
_aLiteratura griega _y Siglos iv-v a.c. _913629 |
| 650 | 1 | 4 |
_aTeatro histórico griego _ySiglos iv-v a.c. _913630 |
| 942 |
_2ddc _cBK |
||
| 999 |
_c7235 _d7235 |
||